Homes for a world city ; the report of the Mayor's Housing Commission. (Record no. 101039)

MARC details
000 -LEADER
fixed length control field 00602cam a2200217 4500
001 - CONTROL NUMBER
control field J110024
008 - FIXED-LENGTH DATA ELEMENTS--GENERAL INFORMATION
fixed length control field 000000n2000 000 0 eng u
035 ## - SYSTEM CONTROL NUMBER
System control number (Sirsi) u110024
050 ## - LIBRARY OF CONGRESS CALL NUMBER
Classification number 30638
110 ## - MAIN ENTRY--CORPORATE NAME
Corporate name or jurisdiction name as entry element London
Subordinate unit Greater London Authority
9 (RLIN) 3989
245 ## - TITLE STATEMENT
Title Homes for a world city ; the report of the Mayor's Housing Commission.
260 ## - PUBLICATION, DISTRIBUTION, ETC.
Place of publication, distribution, etc. London
-- LA
Date of publication, distribution, etc. 2000
300 ## - PHYSICAL DESCRIPTION
Extent xvi, 120p. ; 30cm.
650 ## - SUBJECT ADDED ENTRY--TOPICAL TERM
Topical term or geographic name entry element LONDON
650 ## - SUBJECT ADDED ENTRY--TOPICAL TERM
Topical term or geographic name entry element ECONOMIC ISSUES
650 ## - SUBJECT ADDED ENTRY--TOPICAL TERM
Topical term or geographic name entry element SPATIAL DEVELOPMENT STRATEGY
650 ## - SUBJECT ADDED ENTRY--TOPICAL TERM
Topical term or geographic name entry element URBAN DEVELOPMENT
690 ## - LOCAL SUBJECT ADDED ENTRY--TOPICAL TERM (OCLC, RLIN)
Topical term or geographic name as entry element HOUSING
700 ## - ADDED ENTRY--PERSONAL NAME
Personal name Livingstone, K.
942 ## - ADDED ENTRY ELEMENTS (KOHA)
Suppress in OPAC 0
Holdings
Withdrawn status Lost status Source of classification or shelving scheme Damaged status Not for loan Home library Current library Shelving location Date acquired Total Checkouts Full call number Barcode Date last seen Copy number Price effective from Koha item type
    Dewey Decimal Classification     London London Folio 21/12/2000   F306.8 GRE 30063108 06/08/2019 1 06/08/2019 Book